000 00666pam a2200253 4500
001 2669131
003 OSt
005 20160127141504.0
008 731003s1974 maua b 000 0 eng
010 _a 73017337
020 _a0855324090
040 _aDLC
_cDLC
_dDLC
050 0 0 _aTT 778
_b.C3 1974
082 0 0 _aHS 746.44
_bC16 1978
245 1 0 _aCanvas work.
260 _aEngland
_bSearch press
_c1974
300 _a32p.
_billus.
_c21 cm.
504 _aIncludes bibliographical references.
526 _c1000L to 1310L
650 0 _aCanvas embroidery.
_916326
906 _a7
_bcbc
_corignew
_d1
_eocip
_f19
_gy-gencatlg
942 _2lcc
_cBK
999 _c378
_d378